| 000 | nam a22 7a 4500 | ||
|---|---|---|---|
| 999 |
_c29032 _d29032 |
||
| 008 | 170926b xxu||||| |||| 00| 0 eng d | ||
| 050 | _aGV 697 .K37 2016 | ||
| 100 |
_aThe Karims _d2016 |
||
| 245 |
_aThe Karims: _bthree generations,two sports,one family |
||
| 260 |
_aNairobi: _bChandaria foundatioon, _c2016. |
||
| 300 |
_a354[6]p;ill _c31cm _eCD |
||
| 942 |
_2lcc _cBOOK _hGV 697 .K37 2016 |
||